| 000 | 00859cab a2200253 4500 | ||
|---|---|---|---|
| 001 | ABS54627 | ||
| 008 | 090401t1996 xxu||||| |||| 00| 0 eng d | ||
| 035 | _a(Sirsi) u11414 | ||
| 041 | _aeng | ||
| 100 | _aSeidl, A. | ||
| 245 | _aOn the right lines | ||
| 260 | _c1996 | ||
| 350 | _a0 | ||
| 490 |
_aEstates Gazette _v(9609) 2 March 1996, 50-51(2) |
||
| 520 | _aConsiders how privatisation of British Rail`s freight operations offers developers a range of market opportunities. Describes some of the projects already undertaken by private companies and provides a list of railfreight terminals due for development. | ||
| 650 | _aBRITISH RAIL | ||
| 650 | _aPRIVATISATION | ||
| 650 | _aRAIL FREIGHT | ||
| 650 | _aRAILWAYS | ||
| 690 | _aPROPERTY-PROPERTY DEVELOPMENT | ||
| 690 | _aTRANSPORT AND COMMUNICATIONS | ||
| 942 | _n0 | ||
| 948 | _c04/03/1997 | ||
| 999 |
_c7274 _d7274 |
||